000 00789nam a2200253Ia 4500
003 OSt
005 20220918205237.0
006 a|||||r|||| 00| 0
007 ta
008 220917b |||||||| |||| 00| 0 eng d
024 _a115,869
037 _cTextual
040 _aARTS
_cARTS
_beng
041 _2eng
_aeng
082 _aV611.N00, K8
100 _aRoberts Andres Ed
_9114567
245 0 _aTanzania before 1900
260 _aTanzania
_bEast African
_c1968
300 _axx, 162p.
_ccm.
500 _aAppendices (p151-153). 1. Genealogy of the kings of Usambasra 2. Skeleton Genealogy of the chiefs of Unehe 3. Genoalogy of the chiefs of Unyanyambe
650 _aHISTORY
942 _hV611.N00, K8
_cTEXL
_2CC
999 _c239198
_d239198